书目信息 |
| 题名: |
工业副产石膏应用技术
|
|
| 作者: | 郭泰民 | |
| 分册: | ||
| 出版信息: | 武汉 中国建材工业出版社 2016.03 |
|
| 页数: | 365页 | |
| 开本: | 26cm | |
| 丛书名: | ||
| 单 册: | ||
| 中图分类: | TU177.3 | |
| 科图分类: | ||
| 主题词: | 计算机应用--建筑 | |
| 电子资源: | ||
| ISBN: | 978-7-80227-679-6 | |
| 000 | 00621nam0 2200205 450 | |
| 001 | 996 | |
| 005 | 20161008084015.66 | |
| 010 | @a978-7-80227-679-6@b平装@dCNY42.00 | |
| 100 | @a20160830d2016 km y0chiy0120 ea | |
| 101 | 0 | @achi |
| 102 | @aCN@b420000 | |
| 200 | 1 | @a工业副产石膏应用技术@Agong ye fu chan shi gao ying yong ji shu@f郭泰民@Fguo tai min |
| 210 | @a武汉@c中国建材工业出版社@d2016.03 | |
| 215 | @a365页@d26cm | |
| 330 | @a建筑材料·石膏制品·生产 | |
| 606 | 0 | @a计算机应用@x建筑 |
| 690 | @aTU177.3@v4 | |
| 701 | 0 | @a郭泰民@Aguo tai min |
| 801 | 0 | @aCN@b唐山师范学院图书馆@c20160830 |
| 905 | @aZUCC@dTU177.3@e845 | |
| 工业副产石膏应用技术/郭泰民.-武汉:中国建材工业出版社,2016.03 |
| 365页;26cm |
| ISBN 978-7-80227-679-6(平装):CNY42.00 |
| 建筑材料·石膏制品·生产 |
| ● |
| 相关链接 |
|
|
|
|
正题名:工业副产石膏应用技术
索取号:TU177.3/845
 
预约/预借
| 序号 | 登录号 | 条形码 | 馆藏地/架位号 | 状态 | 备注 |
| 1 | 906434 | 209064340 | 第二样本阅览室/ [索取号:TU177.3/845] | 在馆 | |
| 2 | 906435 | 209064359 | 第三借阅区/ [索取号:TU177.3/845] | 在馆 | |
| 3 | 906436 | 209064368 | 第三借阅区/ [索取号:TU177.3/845] | 在馆 |